[Event "SR 2. liga A 2014/2015"]
[Site "?"]
[Date "2014.12.06"]
[Round "5.2"]
[White "Kucera, Michal"]
[Black "Macko, Miroslav"]
[Result "0-1"]
[WhiteElo "1934"]
[BlackElo "2010"]
[PlyCount "60"]
[EventDate "2014.??.??"]

1. e4 e5 2. Nf3 Nc6 3. Bb5 f5 4. Nc3 fxe4 5. Nxe4 d5 6. Nxe5 dxe4 7. Nxc6 Qg5
8. Qe2 Nf6 9. f4 Qxf4 10. Ne5+ c6 11. d4 Qh4+ 12. g3 Qh3 13. Bc4 Be6 14. Bf4
Bd6 15. Bxe6 Qxe6 16. c3 O-O-O 17. b3 g5 18. Be3 Nd5 19. Bxg5 Rdg8 20. Bf4 Nxf4
21. gxf4 Qh3 22. Qxe4 Qxc3+ 23. Ke2 Qb2+ 24. Kf3 Rg2 25. Qe3 Bxe5 26. dxe5 Rf8
27. Rhb1 Qc2 28. Rc1 Qg6 29. Re1 Rxh2 30. Qg1 Qd3+ 0-1

[Event "SR 2. liga A 2014/2015"]
[Site "?"]
[Date "2014.12.06"]
[Round "5.2"]
[White "Vrtiakova, Anna"]
[Black "Jurcak, Marian"]
[Result "1-0"]
[WhiteElo "1966"]
[BlackElo "1856"]
[PlyCount "73"]
[EventDate "2014.??.??"]

1. e4 c5 2. Nf3 d6 3. Bb5+ Bd7 4. Bxd7+ Qxd7 5. O-O Nc6 6. d4 cxd4 7. Nxd4 Nf6
8. Re1 g6 9. c4 Bg7 10. Nc3 a6 11. h3 O-O 12. Be3 Rac8 13. b3 b5 14. Nd5 Qb7
15. Rb1 Nxe4 16. Nxc6 Rxc6 17. Bd4 e6 18. Bxg7 Kxg7 19. Qd4+ Kg8 20. Nb4 f5 21.
Nxc6 Qxc6 22. cxb5 axb5 23. Rbc1 Qd7 24. Rc2 Rc8 25. Rec1 Rxc2 26. Rxc2 Kf7 27.
Qh8 Nf6 28. Rc8 Qe7 29. Rb8 e5 30. Qc8 Nd7 31. Rb7 Ke6 32. Rxb5 e4 33. a4 Qf6
34. Qe8+ Qe7 35. Qxe7+ Kxe7 36. a5 Nc5 37. Rxc5 1-0

[Event "SR 2. liga A 2014/2015"]
[Site "?"]
[Date "2014.12.06"]
[Round "5.3"]
[White "Lanc, Alois"]
[Black "Liptak, Tomas"]
[Result "0-1"]
[WhiteElo "2344"]
[BlackElo "2168"]
[PlyCount "124"]
[EventDate "2014.??.??"]

1. e4 c5 2. Nc3 d6 3. f4 Nc6 4. Nf3 g6 5. d4 cxd4 6. Nxd4 Bg7 7. Nb3 Nf6 8. Be2
O-O 9. g4 a6 10. Bf3 Be6 11. Be3 Rc8 12. g5 Nd7 13. Qd2 Nb6 14. Be2 Nc4 15.
Bxc4 Bxc4 16. h4 e6 17. h5 Qe7 18. Nd1 Bxb3 19. axb3 f5 20. gxf6 Rxf6 21. Nc3
gxh5 22. O-O-O Rd8 23. Rxh5 Rh6 24. Rxh6 Bxh6 25. Rh1 Bg7 26. Qh2 Bf6 27. e5
dxe5 28. Ne4 Rd7 29. Rg1+ Kh8 30. fxe5 Bxe5 31. Qh3 Nd4 32. Bxd4 Bxd4 33. Rf1
Rd5 34. c4 Rd8 35. Kb1 Rg8 36. Re1 Rg1 37. Rxg1 Bxg1 38. Qc3+ Qg7 39. Nf6 Bc5
40. Qf3 Bd4 41. Ne4 Bxb2 42. b4 Bd4 43. c5 h6 44. Kc2 Ba1 45. Nd6 Qb2+ 46. Kd1
Qxb4 47. Qf8+ Kh7 48. Qe7+ Bg7 49. Nxb7 a5 50. Nd8 Qd4+ 51. Ke2 a4 52. c6 Qb2+
53. Kd3 a3 54. Nxe6 a2 55. Nxg7 a1=Q 56. Ne6+ Kg6 57. Nf8+ Kh5 58. Qf7+ Kg4 59.
Qg6+ Kf3 60. Qe4+ Kf2 61. Qe3+ Kf1 62. Qf3+ Kg1 0-1

[Event "SR 2. liga A 2014/2015"]
[Site "?"]
[Date "2014.12.06"]
[Round "5.3"]
[White "Arendas, Marek"]
[Black "Sekera, Branislav"]
[Result "1-0"]
[WhiteElo "2104"]
[BlackElo "2207"]
[PlyCount "129"]
[EventDate "2014.??.??"]

1. e4 f5 2. exf5 Nf6 3. d4 d5 4. Bd3 c5 5. c3 Nc6 6. Ne2 e5 7. fxe6 Bxe6 8. O-O
c4 9. Bc2 Be7 10. Ng3 O-O 11. h3 Qd7 12. Nd2 Bd6 13. Nf3 h6 14. Qe2 Bxg3 15.
fxg3 Rae8 16. Ne5 Nxe5 17. dxe5 Bf7 18. Qf2 Rxe5 19. Bf4 Ne4 20. Qxa7 Ree8 21.
Ba4 Qc8 22. Bxe8 Rxe8 23. g4 h5 24. gxh5 Bxh5 25. Rae1 Qc6 26. Qd4 Re7 27. g4
Bg6 28. Rd1 Rd7 29. Be3 Qd6 30. Rf3 Nf6 31. Qf4 Qe7 32. Bd4 Nh7 33. Qb8+ Rd8
34. Qe5 Qd7 35. Rdf1 Re8 36. Qf4 Qe7 37. Re3 Be4 38. Qg3 Ng5 39. h4 Ne6 40. Be5
Qc5 41. Bd6 Qc6 42. Qf2 Qd7 43. Bb4 Nd8 44. Rg3 Nc6 45. Qc5 Qd8 46. g5 Ne5 47.
Qd6 Qc8 48. h5 g6 49. hxg6 Nxg6 50. Qf6 Qd7 51. Bc5 Re6 52. Qf2 Bd3 53. Re1 Be4
54. Bd4 Re7 55. Qf6 Rf7 56. Rxe4 Rxf6 57. gxf6 Qf5 58. Reg4 Qb1+ 59. Kh2 Qf5
60. Rxg6+ Kf7 61. Rg7+ Ke6 62. f7 Qh5+ 63. Kg2 Qe2+ 64. Bf2 Qe4+ 65. Rf3 1-0

[Event "SR 2. liga A 2014/2015"]
[Site "?"]
[Date "2014.12.06"]
[Round "5.3"]
[White "Kavon, Rastislav"]
[Black "Puskar, Peter"]
[Result "1/2-1/2"]
[WhiteElo "2153"]
[BlackElo "2051"]
[PlyCount "50"]
[EventDate "2014.??.??"]

1. e4 c5 2. Nf3 d6 3. d4 cxd4 4. Nxd4 Nf6 5. Nc3 a6 6. Be3 e5 7. Nb3 Be6 8. h3
Nbd7 9. f4 exf4 10. Bxf4 Ne5 11. Qe2 Be7 12. O-O-O Qc7 13. Nd4 O-O 14. Nxe6
fxe6 15. Bxe5 dxe5 16. Qc4 Qxc4 17. Bxc4 Kf7 18. Rhf1 Rac8 19. Bb3 Rfd8 20. g4
h6 21. h4 Bc5 22. Rf3 Rxd1+ 23. Kxd1 Ke7 24. g5 hxg5 25. hxg5 Nd7 1/2-1/2

[Event "SR 2. liga A 2014/2015"]
[Site "?"]
[Date "2014.12.06"]
[Round "5.3"]
[White "Puchart, Vladimir"]
[Black "Lukac, Tomas"]
[Result "0-1"]
[WhiteElo "2031"]
[BlackElo "2049"]
[PlyCount "58"]
[EventDate "2014.??.??"]

1. d4 Nf6 2. c4 e6 3. g3 d5 4. Bg2 Bb4+ 5. Bd2 Be7 6. Nc3 dxc4 7. Qa4+ Bd7 8.
Qxc4 Bc6 9. Bxc6+ Nxc6 10. Nf3 O-O 11. O-O Nd7 12. Rfd1 Nb6 13. Qd3 Bf6 14. Ne4
h6 15. Rac1 e5 16. Nxf6+ Qxf6 17. dxe5 Nxe5 18. Nxe5 Qxe5 19. Bc3 Qe6 20. b3
Rfe8 21. Rd2 c6 22. Qd4 f6 23. Rcd1 Nd5 24. Ba1 Qf5 25. Re1 Re4 26. Qd3 Qe6 27.
f3 Re3 28. Qc4 Re8 29. Kf2 Rxf3+ 0-1

[Event "SR 2. liga A 2014/2015"]
[Site "?"]
[Date "2014.12.06"]
[Round "5.3"]
[White "Bango, Lukas"]
[Black "Doucha, Ludvik"]
[Result "1/2-1/2"]
[WhiteElo "1917"]
[BlackElo "2006"]
[PlyCount "87"]
[EventDate "2014.??.??"]

1. c4 c5 2. Nc3 Nf6 3. g3 d5 4. cxd5 Nxd5 5. Bg2 Nc7 6. Nf3 Nc6 7. O-O e5 8. d3
Be7 9. Be3 O-O 10. a3 Be6 11. Qa4 Nd5 12. Nxd5 Bxd5 13. Rfc1 Nd4 14. Bxd4 exd4
15. b4 b6 16. bxc5 Bxc5 17. Nd2 Bxg2 18. Kxg2 Qd5+ 19. Kg1 Rfe8 20. Ne4 Bf8 21.
Rc7 b5 22. Qc2 h6 23. a4 f5 24. Nc5 Bd6 25. Na6 Bxc7 26. Nxc7 Rac8 27. axb5
Rxe2 28. Qxe2 Rxc7 29. Qe8+ Kh7 30. h4 Qd7 31. Qe5 Rb7 32. Ra5 Rb6 33. h5 Kg8
34. Kh2 Qf7 35. Kg2 Qd7 36. Kg1 Kh8 37. Qc5 Kh7 38. Qe5 Kg8 39. f3 Kf8 40. g4
fxg4 41. Qf4+ Kg8 42. Qxg4 Rd6 43. Kg2 Rd5 44. Qxd7 1/2-1/2

[Event "SR 2. liga A 2014/2015"]
[Site "?"]
[Date "2014.12.06"]
[Round "5.3"]
[White "Sturdik, Igor"]
[Black "Jakubec, Milan"]
[Result "1/2-1/2"]
[WhiteElo "1990"]
[BlackElo "2102"]
[PlyCount "54"]
[EventDate "2014.??.??"]

1. e4 e5 2. Nf3 Nc6 3. d4 exd4 4. Bc4 Nf6 5. O-O d6 6. Nxd4 Be7 7. Nc3 O-O 8.
h3 Ne5 9. Be2 c5 10. Nf3 b6 11. Bf4 Bb7 12. Nxe5 dxe5 13. Bxe5 Nxe4 14. Bd3
Nxc3 15. Bxc3 Bf6 16. Bxf6 Qxf6 17. c3 Rad8 18. Qc2 h6 19. Rfe1 Rd6 20. Be4 Bc8
21. Rad1 Rfd8 22. Rxd6 Qxd6 23. Bf3 g5 24. Rd1 Qe7 25. Rxd8+ Qxd8 26. a3 Ba6
27. Qf5 Bd3 1/2-1/2

[Event "SR 2. liga A 2014/2015"]
[Site "?"]
[Date "2014.12.06"]
[Round "5.3"]
[White "Kozinka, Roman"]
[Black "Krist, Milan"]
[Result "1-0"]
[WhiteElo "2001"]
[BlackElo "1913"]
[PlyCount "95"]
[EventDate "2014.??.??"]

1. e4 e6 2. d4 d5 3. Nd2 c5 4. exd5 Qxd5 5. Ngf3 cxd4 6. Bc4 Qd8 7. O-O Nc6 8.
Nb3 Nf6 9. Nbxd4 Nxd4 10. Nxd4 a6 11. Be3 Be7 12. Qe2 O-O 13. Rad1 Qc7 14. Bb3
Bd7 15. Rfe1 e5 16. Nf3 Bg4 17. h3 Bh5 18. Bg5 e4 19. Bxf6 Bxf6 20. Qxe4 Bg6
21. Qg4 Rad8 22. c3 Qa5 23. Rxd8 Rxd8 24. Qd7 Qb5 25. Qxb5 axb5 26. a3 Kf8 27.
Bd1 Bf5 28. Be2 Bd7 29. Rd1 Ke7 30. Bd3 h6 31. Be4 Bc6 32. Rxd8 Kxd8 33. Bxc6
bxc6 34. Kf1 Kc7 35. Ke2 Kb6 36. Kd3 c5 37. b3 Kc6 38. Nd2 Be7 39. g4 Bg5 40.
c4 Bf6 41. cxb5+ Kxb5 42. Ke4 Kc6 43. Nc4 Kd7 44. Kd5 Bd4 45. f4 Bf2 46. Ne5+
Ke7 47. Nd3 Be3 48. a4 1-0

[Event "SR 2. liga A 2014/2015"]
[Site "?"]
[Date "2014.12.06"]
[Round "5.3"]
[White "Hagara, Vladimir"]
[Black "Mackovic, Miroslav"]
[Result "0-1"]
[WhiteElo "1906"]
[BlackElo "1846"]
[PlyCount "92"]
[EventDate "2014.??.??"]

1. c4 Nf6 2. Nc3 g6 3. g3 Bg7 4. Bg2 O-O 5. e3 Nc6 6. d4 d6 7. Nge2 a6 8. O-O
Rb8 9. b3 Na5 10. Bd2 c5 11. Rc1 Bd7 12. d5 b5 13. cxb5 axb5 14. e4 b4 15. Nb1
Qb6 16. Be3 Ng4 17. Qd2 Nxe3 18. Qxe3 Qa6 19. Nd2 Bb5 20. Rfe1 Nb7 21. Bf1 Bxe2
22. Bxe2 Qxa2 23. Nf3 Qa5 24. e5 Qd8 25. Red1 Ra8 26. e6 f6 27. Ra1 Qb6 28. Ra4
Rxa4 29. bxa4 Ra8 30. Bb5 Na5 31. Nd2 Qd8 32. Nb3 Nxb3 33. Qxb3 f5 34. Kg2 Qf8
35. Qd3 Qf6 36. Rd2 Qc3 37. Qe2 Ra5 38. Rd3 Qb2 39. Rd2 Qe5 40. Qd3 Qe4+ 41.
Qxe4 fxe4 42. Re2 b3 43. Rxe4 Rxb5 44. axb5 b2 45. Re1 c4 46. b6 Bd4 0-1

[Event "SR 2. liga A 2014/2015"]
[Site "?"]
[Date "2014.12.06"]
[Round "5.4"]
[White "Bury, Rastislav"]
[Black "Federic, Jozef"]
[Result "0-1"]
[WhiteElo "2147"]
[BlackElo "2305"]
[PlyCount "94"]
[EventDate "2014.??.??"]

1. d4 Nf6 2. Nf3 e6 3. g3 b5 4. Bg2 Bb7 5. O-O Be7 6. b3 O-O 7. c4 bxc4 8. bxc4
c5 9. Qb3 Qb6 10. Ba3 Na6 11. Nbd2 Rab8 12. Qxb6 axb6 13. Rab1 Ba8 14. Ne5 Bxg2
15. Kxg2 Rfc8 16. Nd3 Kf8 17. dxc5 Nxc5 18. Bb4 Nce4 19. Bxe7+ Kxe7 20. Nxe4
Nxe4 21. Rfc1 Ra8 22. Rxb6 Rxa2 23. Rb2 Rxb2 24. Nxb2 d5 25. Kf3 Nd2+ 26. Ke3
Nxc4+ 27. Nxc4 dxc4 28. Kd4 Rd8+ 29. Kc3 Ra8 30. Rc2 g5 31. Kxc4 Ra1 32. f4
gxf4 33. gxf4 Ra4+ 34. Kd3 Rxf4 35. e3 Rh4 36. Rg2 f5 37. Ke2 Kf6 38. Kf2 Ke5
39. Ke2 Ke4 40. Kd2 Rh3 41. Re2 e5 42. Rf2 Rxe3 43. Rxf5 Rd3+ 44. Ke2 Kxf5 45.
Kxd3 Kf4 46. Ke2 Ke4 47. Kf2 Kd3 0-1

[Event "SR 2. liga A 2014/2015"]
[Site "?"]
[Date "2014.12.06"]
[Round "5.4"]
[White "Matejovic, Juraj"]
[Black "Jablonicky, Frantisek"]
[Result "1/2-1/2"]
[WhiteElo "2203"]
[BlackElo "2126"]
[PlyCount "24"]
[EventDate "2014.??.??"]

1. e4 c6 2. d4 d5 3. Nc3 dxe4 4. Nxe4 Nf6 5. Nxf6+ gxf6 6. Nf3 Bg4 7. Be2 e6 8.
O-O Bd6 9. Nh4 f5 10. Nf3 Rg8 11. Re1 Nd7 12. d5 Qc7 1/2-1/2

[Event "SR 2. liga A 2014/2015"]
[Site "?"]
[Date "2014.12.06"]
[Round "5.4"]
[White "Jozefek, Michal"]
[Black "Mydlarik, Martin"]
[Result "1-0"]
[WhiteElo "2064"]
[BlackElo "2138"]
[PlyCount "161"]
[EventDate "2014.??.??"]

1. d4 Nf6 2. c4 e5 3. dxe5 Ng4 4. Nf3 Bb4+ 5. Bd2 Qe7 6. e3 Nc6 7. Nc3 Ngxe5 8.
Nd5 Bxd2+ 9. Qxd2 Nxf3+ 10. gxf3 Qd8 11. Rg1 Ne5 12. Be2 Ng6 13. Qd4 O-O 14. f4
d6 15. O-O-O c6 16. Nc3 Qh4 17. Rg2 Be6 18. Qxd6 Bh3 19. Rg3 Rad8 20. Qc7 Rxd1+
21. Nxd1 Bc8 22. h3 Qf6 23. Qa5 Rd8 24. Qc3 Qd6 25. c5 Qd5 26. b3 Kf8 27. Bf3
Qf5 28. Nb2 f6 29. Qc2 Qxc2+ 30. Kxc2 Bf5+ 31. Kc3 Ne7 32. e4 Be6 33. Be2 b6
34. Nd3 Kf7 35. f5 Bc8 36. Nf4 b5 37. Bh5+ Kf8 38. Rd3 Rxd3+ 39. Kxd3 g5 40.
fxg6 hxg6 41. Nxg6+ Nxg6 42. Bxg6 Bxh3 43. f4 Ke7 44. Kd4 b4 45. e5 Bd7 46. Bd3
a5 47. f5 Bc8 48. e6 Bb7 49. Ke3 Kd8 50. Kf4 Ke7 51. Kg4 Kf8 52. Kh5 Ke7 53.
Kg6 Bc8 54. Be4 Bb7 55. Kh5 Kd8 56. Kg4 Ke7 57. Kf4 Kd8 58. Ke3 Kc7 59. Kd2 Kd8
60. Kc1 Kc7 61. Kb2 Kd8 62. a3 Kc7 63. axb4 axb4 64. Kc2 Kd8 65. Kd3 Ba6+ 66.
Kd4 Kc7 67. Bd3 Bb7 68. Be2 Bc8 69. Bh5 Kd8 70. Kc4 Ba6+ 71. Kxb4 Bd3 72. Bg6
Ke7 73. Ka5 Kd8 74. Kb6 Bb5 75. Bh5 Ke7 76. Bg4 Kd8 77. Bf3 Ke7 78. Be4 Kd8 79.
Bxc6 Bd3 80. Bd7 Ke7 81. c6 1-0

[Event "SR 2. liga A 2014/2015"]
[Site "?"]
[Date "2014.12.06"]
[Round "5.4"]
[White "Kundrak, Vladimir"]
[Black "Spacek, Oliver"]
[Result "0-1"]
[WhiteElo "1949"]
[BlackElo "2011"]
[PlyCount "50"]
[EventDate "2014.??.??"]

1. b3 Nf6 2. Bb2 g6 3. Bxf6 exf6 4. g3 Bg7 5. c4 d5 6. Na3 f5 7. Rb1 d4 8. d3
c5 9. Bg2 Qa5+ 10. Qd2 Qxa3 11. Nf3 Bd7 12. O-O O-O 13. b4 cxb4 14. Rxb4 Bc6
15. Rfb1 Na6 16. R4b3 Qe7 17. Kf1 Rfe8 18. Re1 Nc5 19. Rb2 Rad8 20. Qa5 b6 21.
Qd2 Ne6 22. Kg1 g5 23. Rbb1 Qf6 24. Qb4 g4 25. Nd2 Ng5 0-1

[Event "SR 2. liga A 2014/2015"]
[Site "?"]
[Date "2014.12.06"]
[Round "5.4"]
[White "Jablonicky, Martin"]
[Black "Sustak, Roman"]
[Result "1-0"]
[WhiteElo "1949"]
[BlackElo "1877"]
[PlyCount "55"]
[EventDate "2014.??.??"]

1. d4 Nf6 2. c4 d6 3. Nc3 g6 4. e4 Bg7 5. Nf3 O-O 6. h3 c5 7. d5 e6 8. Be3 a6
9. Be2 Bd7 10. O-O Re8 11. dxe6 Bxe6 12. Bf4 Nbd7 13. Qxd6 Rc8 14. Ng5 Rc6 15.
Qd3 Nb6 16. Qxd8 Rxd8 17. Nxe6 Rxe6 18. Rfd1 Rde8 19. f3 Nfd7 20. Nd5 Rc8 21.
Nxb6 Bd4+ 22. Rxd4 cxd4 23. Nxd7 d3 24. Bxd3 Rd8 25. Nf6+ Rxf6 26. Bg5 Kg7 27.
Bxf6+ Kxf6 28. Rd1 1-0

[Event "SR 2. liga A 2014/2015"]
[Site "?"]
[Date "2014.12.06"]
[Round "5.4"]
[White "Petrakovic, Kamil"]
[Black "Polasek, Filip"]
[Result "0-1"]
[WhiteElo "1808"]
[BlackElo "2122"]
[PlyCount "102"]
[EventDate "2014.??.??"]

1. e4 e5 2. Nf3 Nc6 3. Bb5 a6 4. Ba4 Nf6 5. O-O Be7 6. d3 b5 7. Bb3 O-O 8. c3
d5 9. exd5 Nxd5 10. Re1 Nf6 11. Nxe5 Nxe5 12. Rxe5 Bd6 13. Re2 Ng4 14. g3 Bb7
15. Qf1 Ne5 16. f4 Nxd3 17. Be3 c5 18. Bc2 c4 19. b3 Qc7 20. Nd2 Qc6 21. Qg2
Qxg2+ 22. Rxg2 Bxg2 23. Kxg2 Rfe8 24. Kf3 Rac8 25. Ne4 Bf8 26. a4 f5 27. Nd2
Bc5 28. Bxc5 Rxc5 29. b4 Rc7 30. axb5 axb5 31. Bd1 Re1 32. Rb1 Rce7 33. Kg2
R7e2+ 34. Bxe2 Rxe2+ 35. Kg1 Rxd2 36. Ra1 Rc2 37. Ra5 Rxc3 38. Rxb5 g6 39. Rb8+
Kg7 40. b5 Rb3 41. b6 c3 42. Rc8 Rxb6 43. Rxc3 Rb1+ 44. Kg2 Rb2+ 45. Kg1 Nf2
46. Rc7+ Kh6 47. Rd7 Ng4 48. h3 Nf2 49. h4 Ne4 50. Rd3 Kh5 51. Rd7 h6 0-1

[Event "SR 2. liga A 2014/2015"]
[Site "?"]
[Date "2014.12.06"]
[Round "5.4"]
[White "Pericka, Tomas"]
[Black "Hlubovic, Michal"]
[Result "1-0"]
[WhiteElo "2010"]
[BlackElo "1776"]
[PlyCount "37"]
[EventDate "2014.??.??"]

1. e4 d6 2. d4 Nf6 3. Nc3 e5 4. Nf3 Nbd7 5. Bc4 Be7 6. Bxf7+ Kxf7 7. Ng5+ Kg8
8. Ne6 Qe8 9. Nxc7 Qg6 10. Nxa8 Qxg2 11. Rf1 Nb6 12. Nxb6 Bh3 13. Qe2 axb6 14.
Be3 Qxh2 15. O-O-O Bxf1 16. Qxf1 Ng4 17. Qc4+ Kf8 18. Qc8+ Kf7 19. Qxg4 1-0

[Event "SR 2. liga A 2014/2015"]
[Site "?"]
[Date "2014.12.06"]
[Round "5.4"]
[White "Soldan, Jan"]
[Black "Ocko, Martin"]
[Result "0-1"]
[WhiteElo "1763"]
[BlackElo "1857"]
[PlyCount "58"]
[EventDate "2014.??.??"]

1. e4 c5 2. Nf3 Nc6 3. d4 cxd4 4. Nxd4 g6 5. Be3 Bg7 6. Be2 Nf6 7. Nc3 O-O 8.
O-O d5 9. exd5 Nxd5 10. Nxc6 bxc6 11. Nxd5 cxd5 12. c3 Rb8 13. Qd2 a5 14. Rfd1
e6 15. Rab1 Qc7 16. a3 Bd7 17. Rdc1 Bb5 18. Bxb5 Rxb5 19. b4 Qc4 20. Bc5 Rc8
21. g3 Rbb8 22. h4 Qe4 23. Re1 Qf5 24. Kg2 Rxc5 25. bxc5 Rxb1 26. Rxb1 Qxb1 27.
h5 Qb5 28. h6 Bf8 29. Qg5 Qxc5 0-1

[Event "SR 2. liga A 2014/2015"]
[Site "?"]
[Date "2014.12.06"]
[Round "5.5"]
[White "Cech, Dominik"]
[Black "Cibulka, Vladimir"]
[Result "1/2-1/2"]
[WhiteElo "2119"]
[BlackElo "2207"]
[PlyCount "24"]
[EventDate "2014.??.??"]

1. e4 Nf6 2. e5 Nd5 3. d4 d6 4. c4 Nb6 5. exd6 cxd6 6. Nc3 g6 7. Be3 Bg7 8. Rc1
O-O 9. b3 Nc6 10. d5 Ne5 11. Be2 Ned7 12. f4 Nf6 1/2-1/2

[Event "SR 2. liga A 2014/2015"]
[Site "?"]
[Date "2014.12.06"]
[Round "5.5"]
[White "Takacs, Laszlo"]
[Black "Karas, Marek"]
[Result "1-0"]
[WhiteElo "2110"]
[BlackElo "2170"]
[PlyCount "85"]
[EventDate "2014.??.??"]

1. e4 e6 2. d4 d5 3. Nc3 Nf6 4. e5 Nfd7 5. Nce2 c5 6. c3 Nc6 7. Nf3 f6 8. Nf4
Qe7 9. exf6 Nxf6 10. Bb5 cxd4 11. O-O a6 12. Bxc6+ bxc6 13. Nxd4 Qd6 14. Re1 e5
15. Nd3 Be7 16. Nxe5 Bd7 17. Bf4 Ne4 18. Nd3 Qf6 19. f3 c5 20. fxe4 cxd4 21.
Qh5+ g6 22. Qxd5 Bc6 23. Qxd4 Rd8 24. Qxf6 Bxf6 25. Nb4 Bb7 26. Nd5 Bg7 27. Bg5
Rd6 28. Rad1 h6 29. Bf4 Rd7 30. Nc7+ Ke7 31. Nd5+ Ke8 32. Bg3 Rf8 33. b4 Bc6
34. c4 Rff7 35. e5 Ra7 36. e6 Rfb7 37. Be5 Bxe5 38. Rxe5 Bxd5 39. cxd5 Rxb4 40.
d6 Rb8 41. Rc5 Rab7 42. Rdc1 Kd8 43. d7 1-0

[Event "SR 2. liga A 2014/2015"]
[Site "?"]
[Date "2014.12.06"]
[Round "5.5"]
[White "Todor, Razvan"]
[Black "Veselsky, Jozef"]
[Result "0-1"]
[WhiteElo "2151"]
[BlackElo "2133"]
[PlyCount "53"]
[EventDate "2014.??.??"]

1. e4 c5 2. b3 Nc6 3. Bb2 d6 4. Nf3 Nf6 5. Nc3 g6 6. Nd5 Bg7 7. Nxf6+ exf6 8.
Bb5 O-O 9. O-O Bg4 10. h3 Bxf3 11. Qxf3 Nd4 12. Qd3 f5 13. exf5 a6 14. Bxd4
cxd4 15. fxg6 hxg6 16. Bc4 b5 17. Bxb5 axb5 18. Qxb5 Qc8 19. Qd3 Ra3 20. c3
dxc3 21. dxc3 Qxc3 22. Qxd6 Qa5 23. b4 Qa8 24. Rac1 Rxa2 25. Rfd1 Rb2 26. Qf4
Qb8 27. Rc4 0-1

[Event "SR 2. liga A 2014/2015"]
[Site "?"]
[Date "2014.12.06"]
[Round "5.5"]
[White "Kalmar, Tamas"]
[Black "Petrik, Stanislav"]
[Result "0-1"]
[WhiteElo "1966"]
[BlackElo "2147"]
[PlyCount "70"]
[EventDate "2014.??.??"]

1. d4 Nf6 2. c4 e6 3. Nf3 Bb4+ 4. Bd2 Bxd2+ 5. Qxd2 b6 6. e3 Bb7 7. Nc3 O-O 8.
Be2 d5 9. cxd5 Nxd5 10. O-O Nd7 11. Rfd1 Rc8 12. Rac1 Nxc3 13. Rxc3 c5 14. Qc2
Qf6 15. dxc5 Nxc5 16. b4 Ne4 17. Rxc8 Rxc8 18. Qd3 Nc3 19. Rd2 Bd5 20. Bf1 g5
21. Nd4 Ne4 22. Rc2 Rd8 23. f3 Nd6 24. Qd2 Ba8 25. Qc1 Qe5 26. Rc7 a5 27. bxa5
Qxa5 28. a3 Qe5 29. Qc3 Bd5 30. e4 Bxe4 31. Nxe6 Qxe6 32. fxe4 Nxe4 33. Qc1 Qf6
34. Bc4 Qd4+ 35. Kh1 Nf2+ 0-1

[Event "SR 2. liga A 2014/2015"]
[Site "?"]
[Date "2014.12.06"]
[Round "5.5"]
[White "Petrik, Karol"]
[Black "Meszaros, Lorant"]
[Result "1-0"]
[WhiteElo "2072"]
[BlackElo "2071"]
[PlyCount "79"]
[EventDate "2014.??.??"]

1. e4 e5 2. Nf3 Nc6 3. d4 exd4 4. c3 d3 5. Bxd3 d6 6. h3 Be7 7. Nbd2 Nf6 8. O-O
O-O 9. Re1 h6 10. Nf1 Ne5 11. Bc2 Nxf3+ 12. Qxf3 Nh7 13. Bf4 Bg5 14. Bh2 Re8
15. Rad1 Qf6 16. Qd3 Nf8 17. Ne3 Be6 18. Bb3 Bxb3 19. axb3 Ne6 20. Nd5 Qg6 21.
f4 Nc5 22. Qf3 Bd8 23. f5 Qh7 24. b4 Nd7 25. Ne3 Ne5 26. Bxe5 Rxe5 27. Nc4 Rb5
28. e5 dxe5 29. Rxe5 Rxe5 30. Nxe5 Bf6 31. Nd7 Re8 32. Nxf6+ gxf6 33. Rd7 Qg7
34. Rd4 Kh7 35. Kh2 c6 36. Rd7 Qf8 37. Rxb7 Qd6+ 38. Qg3 Qd5 39. Qg6+ Kh8 40.
Rxf7 1-0

[Event "SR 2. liga A 2014/2015"]
[Site "?"]
[Date "2014.12.06"]
[Round "5.5"]
[White "Darazs, Zoltan"]
[Black "Helbich, Branislav"]
[Result "1-0"]
[WhiteElo "2128"]
[BlackElo "2027"]
[PlyCount "57"]
[EventDate "2014.??.??"]

1. e4 e5 2. Nf3 Nc6 3. Bb5 Nf6 4. O-O d6 5. d4 exd4 6. Nxd4 Bd7 7. Nc3 Nxd4 8.
Bxd7+ Qxd7 9. Qxd4 Be7 10. Bg5 O-O 11. e5 Ne8 12. Bxe7 Qxe7 13. Rfe1 c6 14.
Rad1 d5 15. f4 Nc7 16. f5 f6 17. e6 Rfd8 18. Rd3 g6 19. Rg3 g5 20. h4 h6 21.
hxg5 hxg5 22. Rh3 Kg7 23. Rg3 Kg8 24. Kf2 c5 25. Qg4 Kg7 26. Qh5 Rh8 27. Qg6+
Kf8 28. Rxg5 Ne8 29. Rh1 1-0

[Event "SR 2. liga A 2014/2015"]
[Site "?"]
[Date "2014.12.06"]
[Round "5.5"]
[White "Krajnak, Robert"]
[Black "Vegh, Vince"]
[Result "1/2-1/2"]
[WhiteElo "2103"]
[BlackElo "1919"]
[PlyCount "88"]
[EventDate "2014.??.??"]

1. c4 c6 2. Nf3 d5 3. b3 Bg4 4. e3 Nf6 5. Be2 e6 6. O-O Nbd7 7. d3 Bd6 8. Ba3
Qe7 9. Bxd6 Qxd6 10. Nc3 O-O 11. Qc2 Rac8 12. Qb2 a6 13. b4 Bxf3 14. Bxf3 d4
15. Nd1 dxe3 16. Nxe3 Qxd3 17. Rfd1 Qg6 18. Rd6 Qg5 19. Rad1 Ne5 20. Be2 Ng6
21. Qd4 Qf4 22. Bf3 Qxd4 23. R6xd4 Ne5 24. Be2 c5 25. bxc5 Rxc5 26. Rb1 Rc7 27.
c5 Nfd7 28. Re4 f5 29. Rd4 Nxc5 30. f4 Nc6 31. Rc4 Ne4 32. Rb6 Rd7 33. Rc1 Nd4
34. Bc4 Kh8 35. Bxe6 Nxe6 36. Rxe6 Rd3 37. Nxf5 Nf6 38. Re7 g6 39. Nh6 b5 40.
Nf7+ Kg8 41. Ng5 Rfd8 42. Rcc7 R3d7 43. Rexd7 Rxd7 44. Rc8+ Kg7 1/2-1/2

[Event "SR 2. liga A 2014/2015"]
[Site "?"]
[Date "2014.12.06"]
[Round "5.5"]
[White "Szitasi, Janos"]
[Black "Nemsak, Denis"]
[Result "0-1"]
[WhiteElo "1943"]
[BlackElo "1957"]
[PlyCount "109"]
[EventDate "2014.??.??"]

1. e4 d5 2. exd5 Nf6 3. d4 Nxd5 4. c4 Nb6 5. Nc3 g6 6. Be3 Bg7 7. d5 O-O 8. Bd4
Bh6 9. h4 c6 10. h5 g5 11. g4 cxd5 12. f4 gxf4 13. g5 Bxg5 14. Nf3 f6 15. Nxg5
fxg5 16. cxd5 Nxd5 17. Qb3 e6 18. Bc4 Nc6 19. Bc5 Rf5 20. O-O-O Na5 21. Qa4
Nxc4 22. Qxc4 b6 23. Bf2 Qc7 24. Qd4 Bb7 25. Rhe1 Rc8 26. Rxe6 Nxc3 27. bxc3
Qxc3+ 28. Qxc3 Rxc3+ 29. Kb2 Rc7 30. h6 Rb5+ 31. Ka1 Rd5 32. Rde1 Kf7 33. Re8
Kf6 34. Rf8+ Rf7 35. Rfe8 g4 36. Bh4+ Kg6 37. Rg8+ Kh5 38. Rh1 Rd1+ 39. Rxd1
Kxh4 40. Rg7 Bf3 41. Rxf7 Bxd1 42. Rxh7 Bc2 43. Rg7 f3 44. Kb2 Bf5 45. Rf7 Bg6
46. Kc3 Kg5 47. Kd2 Kxh6 48. Rf4 Kg5 49. Ke3 Bh5 50. Rf8 g3 51. Rg8+ Kh4 52.
Rh8 f2 53. Rf8 Kh3 54. Rf5 Kg2 55. Rxh5 0-1

[Event "SR 2. liga A 2014/2015"]
[Site "?"]
[Date "2014.12.06"]
[Round "5.6"]
[White "Balogh, Tomas"]
[Black "Janos, Martin"]
[Result "1/2-1/2"]
[WhiteElo "2358"]
[BlackElo "2215"]
[PlyCount "46"]
[EventDate "2014.??.??"]

1. d4 Nf6 2. Nf3 g6 3. e3 Bg7 4. b3 c5 5. Bb2 d5 6. Nbd2 cxd4 7. exd4 O-O 8.
Bd3 Nc6 9. a3 Bg4 10. O-O Nd7 11. h3 Bxf3 12. Nxf3 Nc5 13. Re1 Nxd3 14. Qxd3
Qb6 15. Re2 e6 16. g4 Rac8 17. Kg2 Na5 18. Rb1 Qc7 19. Rbe1 b6 20. Ne5 Nb7 21.
Qa6 Nd6 22. f3 Qe7 23. a4 Qb7 1/2-1/2

[Event "SR 2. liga A 2014/2015"]
[Site "?"]
[Date "2014.12.06"]
[Round "5.6"]
[White "Certek, Pavel"]
[Black "Janko, Michal"]
[Result "0-1"]
[WhiteElo "2267"]
[BlackElo "2280"]
[PlyCount "54"]
[EventDate "2014.??.??"]

1. d4 d6 2. c4 e5 3. Nf3 e4 4. Ng5 f5 5. Nc3 Be7 6. Nh3 c6 7. e3 Nf6 8. Be2 O-O
9. O-O Na6 10. Bd2 Nc7 11. b4 Qe8 12. a4 h6 13. f3 d5 14. b5 exf3 15. gxf3 c5
16. Nf4 Bd6 17. Ncxd5 Nfxd5 18. Nxd5 Nxd5 19. cxd5 Bxh2+ 20. Kxh2 Qh5+ 21. Kg1
Qg5+ 22. Kh2 Qh4+ 23. Kg1 Qg3+ 24. Kh1 Qh3+ 25. Kg1 Rf6 26. Bc4 Rg6+ 27. Kf2
Rg2+ 0-1

[Event "SR 2. liga A 2014/2015"]
[Site "?"]
[Date "2014.12.06"]
[Round "5.6"]
[White "Slacky, Stanislav"]
[Black "Tepper, Frantisek"]
[Result "1-0"]
[WhiteElo "2191"]
[BlackElo "2158"]
[PlyCount "79"]
[EventDate "2014.??.??"]

1. d4 Nf6 2. c4 c5 3. Nf3 e6 4. g3 cxd4 5. Nxd4 Nc6 6. Bg2 Qb6 7. Nxc6 bxc6 8.
O-O Be7 9. Nc3 O-O 10. Qc2 Ba6 11. b3 d5 12. Na4 Qa5 13. Bd2 Bb4 14. Bg5 Be7
15. Nb2 Rac8 16. Be3 Bc5 17. Bxc5 Qxc5 18. Nd3 Qe7 19. Rfd1 e5 20. Qc3 e4 21.
Nb4 Bb7 22. Nc2 Rfd8 23. Rac1 Qc5 24. Bh3 Rb8 25. Nd4 Qb6 26. Nf5 Ne8 27. Qe5
Qb4 28. c5 Qa5 29. Ne7+ Kf8 30. Nxd5 cxd5 31. c6 Bc8 32. c7 Nxc7 33. Rxc7 Qb4
34. Qh5 Bd7 35. Rxd7 Rxd7 36. Bxd7 Rd8 37. Qxd5 e3 38. f3 Qa3 39. Qg5 f6 40.
Qxe3 1-0